Quản trị SQL server 2000

Uloženo v:
Podrobná bibliografie
Hlavní autor: Phạm, Hữu Khang
Médium: Kniha
Jazyk:Undetermined
Vydáno: Hà Nội Thống Kê 2005
Témata:
Tagy: Přidat tag
Žádné tagy, Buďte první, kdo otaguje tento záznam!
Thư viện lưu trữ: Trung tâm Học liệu Trường Đại học Cần Thơ
LEADER 00633nam a2200193Ia 4500
001 CTU_74789
008 210402s9999 xx 000 0 und d
020 |c 45000 
082 |a 005.758 
082 |b Kh106 
100 |a Phạm, Hữu Khang 
245 0 |a Quản trị SQL server 2000 
245 0 |c Phạm Hữu Khang chủ biên ; Đoàn Thiện Ngân hiệu đính 
260 |a Hà Nội 
260 |b Thống Kê 
260 |c 2005 
650 |a Client/Server computing,Database administration,SQL ( Computer program language ) 
904 |i Nguyên 
980 |a Trung tâm Học liệu Trường Đại học Cần Thơ